000 00511nam a2200181Ia 4500
003 GCL
008 140319s9999 xx 000 0 eng d
040 _aGCL /
_cGCL
082 0 4 _a338.961
_bV N
100 1 _aVANDEWALLE, DIRK
245 1 0 _aNORTH AFRICA: DEVELOPMENT AND REFORM IN A CHANGING GLOBAL ECONOMY /
_cVANDEWALLE, DIRK
260 _a[S.N] :
_bMACMILLAM PUBLISHING COMPANY ،
_c1996
300 _a286 P
650 0 4 _aECONOMICS
650 0 4 _aDEVELOPMENT
650 0 4 _aNORTH AFRICA
942 _2ddc
_cBK
999 _c14016
_d14016